Romantic friendship in Victorian literature
Saved in:
| Main Author: | |
|---|---|
| Format: | Book |
| Language: | English |
| Published: |
[Aldershot, England] :
Ashgate,
[c2007]
|
| Series: | Nineteenth century (Aldershot, England)
|
| Subjects: | |
| Tags: |
Add Tag
No Tags, Be the first to tag this record!
|
MARC
| LEADER | 00000nam a2200000 i 4500 | ||
|---|---|---|---|
| 001 | 1/95293 | ||
| 008 | 081013s2007 eng d | ||
| 020 | |a 978-0-7546-5869-6 (hbk.) | ||
| 035 | |l 10100826 | ||
| 040 | |a GR-MY-UA |b gre |e aacr | ||
| 041 | 0 | |a eng | |
| 082 | 0 | |a 820.9353 |2 (22) | |
| 100 | 1 | |a Oulton, Carolyn |d 1972- | |
| 245 | 1 | 0 | |a Romantic friendship in Victorian literature / |c Carolyn W. de la L. Oulton |
| 260 | |a [Aldershot, England] : |b Ashgate, |c [c2007] | ||
| 300 | |a 168 σ.; |c 24 εκ. | ||
| 490 | 1 | |a The nineteenth century series | |
| 504 | |a Βιβλιογραφία: σ. [159]-165. Ευρετήριο | ||
| 650 | 0 | 0 | |a English literature |y 19th century |x History and criticism. |
| 650 | 0 | 0 | |a Friendship in literature. |
| 650 | 0 | 0 | |a Male friendship in literature. |
| 650 | 0 | 0 | |a Female friendship in literature. |
| 650 | 0 | 0 | |a Love in literature. |
| 650 | 0 | 0 | |a Gender identity in literature. |
| 650 | 0 | 0 | |a Homosexuality in literature. |
| 650 | 0 | 0 | |a Lesbianism in literature. |
| 830 | 0 | |a Nineteenth century (Aldershot, England) | |
| 852 | |a INST |b RHODES |e 20081013 |h 820.9353 OUL |p 005400031061 |q 005400031061 |t BK |y 0 | ||
| 901 | |a BIBL4-2008-3 | ||
| 909 | |a Ρ |b 153851 | ||
| 922 | |a 4ΕΛΗ |b 200809 |c ΕΠΕΑΕΚ2/ΠΤΔΕ |d ΜΙΧΑΛΟΠΟΥΛΟΣ | ||
| 970 | |a ΚΟΖΑ |b ΜΑΡΙΑ |z 2008/10/13 | ||